Statystyki dla Kraje najbliższe Liechtensteinu

Kliknij tutaj aby rozwiązać quiz!

Ogólne statystyki

  • Ten quiz został rozwiązany 573 razy
  • Średni wynik to 18 z 20

Statystyki odpowiedzi

kmkraj% Poprawnych
150Francja
99%
33Niemcy
99%
556Polska
98%
68Włochy
97%
0Austria
96%
334Czechy
96%
0Szwajcaria
96%
372Belgia
95%
465Holandia
95%
556Słowacja
94%
300Słowenia
92%
348Chorwacja
88%
338Luksemburg
88%
492Węgry
86%
716Hiszpania
84%
409San Marino
82%
720Serbia
81%
617Watykan
81%
521Bośnia i
Hercegowina
74%
400Monako
74%

Rozkład punktacji

Percentyl według liczby udzielonych odpowiedzi

Procent ludzi z każdym wynikiem

Twoja historia wyników

Nie rozwiązałeś tego quizu